| 000 | 00796cab a2200217 4500 | ||
|---|---|---|---|
| 001 | WB3501-70 | ||
| 008 | 090401t1999 xxu||||| |||| 00| 0 eng d | ||
| 035 | _a(Sirsi) u90565 | ||
| 041 | _aeng | ||
| 245 | _aConstruction tax scheme | ||
| 260 | _c1999 | ||
| 350 | _a0 | ||
| 490 |
_aCSM _bChartered Surveyor Monthly _v8(5) January 1999, 9(1) |
||
| 520 | _aThe new Construction Industry Tax Scheme which comes into effect on 1 August 1999 is a substantial revision of the original 1971 scheme. From 1 August, all contractors and subcontractors will be required to use the new construction industry scheme documentation. | ||
| 650 | _aCONSTRUCTION INDUSTRY TAX SCHEME | ||
| 650 | _aCONSTRUCTION INDUSTRY | ||
| 650 | _aTAX REGIME | ||
| 690 | _aTAXATION | ||
| 942 | _n0 | ||
| 948 | _c07/01/1999 | ||
| 999 |
_c57428 _d57428 |
||